Les principaux groupes ultras des clubs de Ligue 1 2023/2024 - Statistiques

Statistiques générales
  • Ce quiz a été pris 187 fois
  • Le résultat moyen est 8 sur 18
Statistiques - réponses
Par images Réponse % Correct
Bad Gones
83%
Brigade Loire
71%
Red Tigers
65%
Indians Tolosa
53%
Collectif Ultras Paris
52%
Dogues Virage Est
48%
Horda Frenetik
47%
Commando Ultras
46%
Ultrem
45%
Butte Paillade
44%
Merlus Ultras
44%
Ultra Boys
37%
Roazhon Celtic Kop
36%
Ultras Brestois
34%
Ultras Monaco
33%
Nemetum Ultras
29%
Barbarians Havrais
27%
Ultras Populaire Sud
18%
Aucun quiz correspondant
Distribution des résultats
% des personnes avec chaque résultat
Percentile par nombre de réponses
Votre historique - résultats
Vous n’avez pas pris ce quiz